[Event "Titled Tuesday intern op 23rd Jan Late"]
[Site "Chess.com INT"]
[Date "2024.01.23"]
[Round "1"]
[White "Kleiman, Jake"]
[Black "Sarkar, Justin"]
[Result "1-0"]
[WhiteElo "2399"]
[BlackElo "2272"]
[PlyCount "59"]
[EventDate "2024.01.23"]
[EventType "swiss (blitz)"]
[EventRounds "11"]
[EventCountry "USA"]
[SourceTitle "CB05_2024"]
[SourceDate "2024.01.31"]
[SourceVersion "1"]
[SourceVersionDate "2024.01.31"]
[SourceQuality "1"]

1. e4 e5 2. Nf3 Nc6 3. Bc4 Nf6 4. d3 Bc5 5. c3 0-0 6. 0-0 a6 7. Bb3 d6 8. h3 h6 9. Re1 Ba7 10. Nbd2 Qe7 11. Nf1 Nh5 12. Ne3 Nf4 13. Nd5 Nxd5 14. Bxd5 Be6 15. d4 Qf6 16. Bxc6 bxc6 17. dxe5 dxe5 18. Qe2 Rfd8 19. b3 a5 20. Be3 Bb6 21. Rad1 a4 22. c4 Ba5 23. Bd2 Bb6 24. Bc3 Bd4 25. Bxd4 exd4 26. e5 Qf4 27. g3 Qf5 28. Nxd4 Qxh3 29. Nxe6 Rxd1 30. Rxd1 1-0

[Event "Titled Tuesday intern op 16th Jan Late"]
[Site "Chess.com INT"]
[Date "2024.01.16"]
[Round "6"]
[White "Sarkar, Justin"]
[Black "Coca Cubillos, Jesus Alberto"]
[Result "0-1"]
[WhiteElo "2272"]
[BlackElo "1944"]
[PlyCount "90"]
[EventDate "2024.01.16"]
[EventType "swiss (blitz)"]
[EventRounds "11"]
[EventCountry "USA"]
[SourceTitle "CB04_2024"]
[SourceDate "2023.10.16"]
[SourceVersion "1"]
[SourceVersionDate "2023.10.16"]
[SourceQuality "1"]

1. e4 g6 2. d4 Bg7 3. Nc3 d6 4. Be3 Nc6 5. Nf3 Bg4 6. d5 Ne5 7. Be2 Nxf3+ 8. gxf3 Bd7 9. Qd2 e5 10. h4 a6 11. h5 f5 12. f4 Nf6 13. h6 Bf8 14. fxe5 dxe5 15. exf5 Bxf5 16. 0-0-0 Bd6 17. f4 0-0 18. fxe5 Bxe5 19. Bd4 Bd6 20. Bd3 Ng4 21. Bxf5 Rxf5 22. Kb1 Qg5 23. Qe2 Ne5 24. Ne4 Qe7 25. Rdf1 Raf8 26. Rxf5 Rxf5 27. Rf1 Nd7 28. Rxf5 gxf5 29. Qg2+ Kf8 30. Qg7+ Qxg7 31. hxg7+ Kg8 32. Ng5 Be5 33. Bxe5 Nxe5 34. Ne6 f4 35. Nxf4 Kxg7 36. Ne6+ Kf6 37. Nxc7 h5 38. Kc1 h4 39. d6 h3 40. d7 Nxd7 41. Nd5+ Ke5 42. Ne3 Kf4 43. Nf1 Kf3 44. Kd2 Kf2 45. Ne3 Ne5 0-1

[Event "Titled Tuesday intern op 16th Jan Late"]
[Site "Chess.com INT"]
[Date "2024.01.16"]
[Round "10"]
[White "Sarkar, Justin"]
[Black "Morales Garcia, Sergio Joshafatt"]
[Result "0-1"]
[WhiteElo "2272"]
[BlackElo "2249"]
[PlyCount "90"]
[EventDate "2024.01.16"]
[EventType "swiss (blitz)"]
[EventRounds "11"]
[EventCountry "USA"]
[SourceTitle "CB04_2024"]
[SourceDate "2023.10.16"]
[SourceVersion "1"]
[SourceVersionDate "2023.10.16"]
[SourceQuality "1"]

1. d4 d5 2. c4 c6 3. Nf3 Nf6 4. e3 Bf5 5. Be2 e6 6. 0-0 h6 7. Nbd2 Nbd7 8. b3 a5 9. Bb2 a4 10. c5 a3 11. Bc3 Be7 12. b4 0-0 13. b5 Ne4 14. Nxe4 Bxe4 15. Nd2 Bg6 16. Qb3 e5 17. f4 exd4 18. exd4 Bf6 19. f5 Bh7 20. b6 Qe7 21. Rf2 Nxc5 22. dxc5 d4 23. Bb4 d3 24. Re1 dxe2 25. Rfxe2 Bd4+ 26. Kh1 Qf6 27. Nf3 Bxf5 28. Nxd4 Qxd4 29. Qc3 Qxc3 30. Bxc3 Be6 31. h3 Ra4 32. Rd2 Rc4 33. Bd4 Rd8 34. Red1 Rd5 35. Be3 Rxd2 36. Rxd2 Rc1+ 37. Kh2 Ra1 38. Bd4 Rxa2 39. Rxa2 Bxa2 40. Bc3 Bd5 41. Kg3 g5 42. Kf2 f5 43. g3 Kf7 44. Ke3 Ke6 45. Ba1 Bg2 0-1

[Event "Titled Tuesday intern op 09th Jan Early"]
[Site "Chess.com INT"]
[Date "2024.01.09"]
[Round "1"]
[White "Sarkar, Justin"]
[Black "Domalchuk Jonasson, Aleksandr"]
[Result "0-1"]
[WhiteElo "2272"]
[BlackElo "2362"]
[PlyCount "36"]
[EventDate "2024.01.09"]
[EventType "swiss (blitz)"]
[EventRounds "11"]
[EventCountry "USA"]
[SourceTitle "CB03_2024"]
[SourceDate "2024.01.17"]
[SourceVersion "1"]
[SourceVersionDate "2024.01.17"]
[SourceQuality "1"]

1. d4 e6 2. e4 d5 3. Nc3 Bb4 4. Bd3 c5 5. exd5 Qxd5 6. Nf3 cxd4 7. Nxd4 Qxg2 8. Qf3 Qxf3 9. Nxf3 Nc6 10. Bd2 e5 11. 0-0-0 Bg4 12. Be4 Nf6 13. Bxc6+ bxc6 14. Nxe5 Bxd1 15. Rxd1 Rc8 16. Bg5 Bxc3 17. bxc3 Ne4 18. Be3 Nxc3 0-1

[Event "Titled Tuesday intern op 12th Dec Early"]
[Site "Chess.com INT"]
[Date "2023.12.12"]
[Round "1"]
[White "Sarkar, Justin"]
[Black "Janaszak, Dawid"]
[Result "0-1"]
[WhiteElo "2272"]
[BlackElo "2308"]
[PlyCount "84"]
[EventDate "2023.12.12"]
[EventType "swiss (blitz)"]
[EventRounds "11"]
[EventCountry "USA"]
[SourceTitle "CB51_2023"]
[SourceDate "2023.12.20"]
[SourceVersion "1"]
[SourceVersionDate "2023.12.20"]
[SourceQuality "1"]

1. e4 c5 2. Nf3 Nc6 3. d4 cxd4 4. Nxd4 e5 5. Ne2 Nf6 6. Nbc3 Bc5 7. Ng3 d6 8. Be2 h5 9. Bg5 Qb6 10. 0-0 h4 11. Nf5 Bxf5 12. exf5 h3 13. g3 Nd4 14. Bxf6 gxf6 15. Nd5 Qc6 16. Bf3 Kf8 17. Be4 Rc8 18. c3 Nb5 19. Nxf6 d5 20. Nxd5 Nd6 21. Qf3 Qa6 22. b4 Bb6 23. a4 Qc4 24. Nxb6 axb6 25. Bd5 Qxc3 26. Qxc3 Rxc3 27. Rfc1 Rd3 28. Rd1 Rxd1+ 29. Rxd1 Ke7 30. Rc1 Kd7 31. g4 Ra8 32. Ra1 Rc8 33. a5 bxa5 34. bxa5 Rc5 35. Bf3 e4 36. Be2 Rc2 37. Kf1 f6 38. Rd1 Kc7 39. Rd5 Rc1+ 40. Bd1 Rc3 41. Ke2 Ra3 42. Rc5+ Kd8 0-1

[Event "Titled Tuesday intern op 14th Nov Early"]
[Site "Chess.com INT"]
[Date "2023.11.14"]
[Round "9"]
[White "Kleiman, Jake"]
[Black "Sarkar, Justin"]
[Result "1/2-1/2"]
[WhiteElo "2399"]
[BlackElo "2289"]
[PlyCount "104"]
[EventDate "2023.11.14"]
[EventType "swiss (blitz)"]
[EventRounds "11"]
[EventCountry "USA"]
[SourceTitle "CB47_2023"]
[SourceDate "2023.11.22"]
[SourceVersion "1"]
[SourceVersionDate "2023.11.22"]
[SourceQuality "1"]

1. e4 e5 2. Nf3 Nc6 3. Bb5 a6 4. Ba4 Nf6 5. 0-0 Nxe4 6. d4 b5 7. Bb3 d5 8. dxe5 Be6 9. c3 Bc5 10. Nbd2 0-0 11. Qe2 Nxd2 12. Bxd2 Bg4 13. h3 Bxf3 14. Qxf3 Nxe5 15. Qg3 Nc4 16. Bf4 Bd6 17. Bxd6 Qxd6 18. Qxd6 cxd6 19. Rad1 Nxb2 20. Rxd5 Rfd8 21. Re1 Kf8 22. Re4 Rac8 23. Red4 Rxc3 24. Rxd6 Rxd6 25. Rxd6 a5 26. Rd8+ Ke7 27. Rb8 b4 28. Rb7+ Kd6 29. Bxf7 Rc1+ 30. Kh2 Rc7 31. Rxc7 Kxc7 32. Kg3 a4 33. Kf3 b3 34. axb3 a3 35. b4 Na4 36. Ke4 Nc3+ 37. Ke5 a2 38. Bxa2 Nxa2 39. Ke6 Nxb4 40. Kf7 Nd3 41. Kxg7 Nxf2 42. Kxh7 Kd6 43. Kg6 Ke7 44. Kg7 Ke6 45. Kg6 Ke7 46. h4 Kf8 47. Kf5 Kg7 48. g4 Nxg4 49. Kxg4 Kg6 50. h5+ Kh6 51. Kg3 Kh7 52. h6 Kxh6 1/2-1/2

[Event "Titled Tuesday intern op 14th Nov Early"]
[Site "Chess.com INT"]
[Date "2023.11.14"]
[Round "8"]
[White "Sarkar, Justin"]
[Black "Balla, Tamas Kristof"]
[Result "1-0"]
[WhiteElo "2289"]
[BlackElo "2285"]
[PlyCount "71"]
[EventDate "2023.11.14"]
[EventType "swiss (blitz)"]
[EventRounds "11"]
[EventCountry "USA"]
[SourceTitle "CB47_2023"]
[SourceDate "2023.11.22"]
[SourceVersion "1"]
[SourceVersionDate "2023.11.22"]
[SourceQuality "1"]

1. d4 d5 2. c4 e6 3. Nc3 c5 4. cxd5 exd5 5. Nf3 Nc6 6. a3 Nf6 7. dxc5 Bxc5 8. Bg5 Be7 9. e3 Be6 10. Be2 0-0 11. 0-0 h6 12. Bh4 Qd7 13. Nd4 Nxd4 14. Qxd4 a6 15. Na4 Rfd8 16. Nb6 Qd6 17. Bg3 Qc6 18. Rac1 Qe8 19. Nxa8 Rxa8 20. Rc7 b5 21. Rfc1 Bd8 22. R7c2 Ne4 23. Bc7 Bf6 24. Be5 Be7 25. Bxg7 f6 26. Bxh6 Qg6 27. Bf4 Rd8 28. Rc7 Bd6 29. Bxd6 Rxd6 30. Bf3 Ng5 31. Kh1 Nxf3 32. gxf3 Kf8 33. Rg1 Qh5 34. Qxf6+ Bf7 35. Qxd6+ Ke8 36. Qe7# 1-0

[Event "Titled Tuesday intern op 14th Nov Early"]
[Site "Chess.com INT"]
[Date "2023.11.14"]
[Round "5"]
[White "Sarkar, Justin"]
[Black "Buchenau, Frank"]
[Result "0-1"]
[WhiteElo "2289"]
[BlackElo "2135"]
[PlyCount "46"]
[EventDate "2023.11.14"]
[EventType "swiss (blitz)"]
[EventRounds "11"]
[EventCountry "USA"]
[SourceTitle "CB47_2023"]
[SourceDate "2023.11.22"]
[SourceVersion "1"]
[SourceVersionDate "2023.11.22"]
[SourceQuality "1"]

1. d4 e6 2. c4 Nf6 3. Nc3 Bb4 4. e3 0-0 5. Bd3 c5 6. Nf3 Bxc3+ 7. bxc3 d6 8. 0-0 Nc6 9. Qc2 e5 10. d5 Ne7 11. Nd2 g6 12. h3 Bf5 13. e4 Bd7 14. Re1 Nh5 15. Nf1 f5 16. exf5 Bxf5 17. Bg5 Bxd3 18. Qxd3 Nf4 19. Qd2 Qd7 20. Ng3 Kg7 21. Ne4 h6 22. Bxe7 Qxe7 23. Qe3 Rf5 0-1

[Event "Arco op 45th"]
[Site "Arco"]
[Date "2023.10.09"]
[Round "3"]
[White "Valkova, Angelika"]
[Black "Sarkar, Justin"]
[Result "1/2-1/2"]
[WhiteElo "2038"]
[BlackElo "2289"]
[PlyCount "34"]
[EventDate "2023.10.07"]
[EventType "swiss"]
[EventRounds "9"]
[EventCountry "ITA"]
[SourceTitle "Mega2024 Update 01"]
[Source "Chessbase"]
[SourceDate "2023.11.12"]
[SourceVersion "1"]
[SourceVersionDate "2023.11.12"]
[SourceQuality "1"]

1. d4 Nf6 2. c4 e6 3. Nf3 d5 4. Nc3 Nbd7 5. Bg5 Be7 6. e3 0-0 7. Rc1 c6 8. Bd3 dxc4 9. Bxc4 Nd5 10. Bxe7 Qxe7 11. 0-0 Nxc3 12. Rxc3 e5 13. Nxe5 Nxe5 14. dxe5 Qxe5 15. f4 Qe4 16. Qe2 Rd8 17. Bd3 Bg4 1/2-1/2